00736cam a22002171 4500001001300000003000400013005001700017008004100034010001700075035001900092040004700111050001600158100003800174245006300212260004300275300003700318490003600355500008400391651002800475999001500503agr07000050 DLC20260227110925.0800922s1906 dcuf f000 0 eng c aagr07000050  a(OCoLC)6739239 aU.S. Dept. of agr. Library 1W37BucTMdDLC00aQC983b.H521 aHenry, Alfred Judson,d1858-1931.10aClimatology of the United States.cBy Alfred Judson Henry. aWashington,bGovt. print. off.,c1906. a1012 p.bxxxiii pl.c31 x 26 cm.0 aU.S. Weather bureau. Bulletin Q aAt head of title: W.B., no. 361 U.S. Department of agriculture. Weather bureau. 0aUnited StatesxClimate. c7384d7384